Concise polymeric materials encyclopedia / (Record no. 560043)

000 -LEADER
fixed length control field 00337nam a2200121Ia 4500
008 - FIXED-LENGTH DATA ELEMENTS--GENERAL INFORMATION
fixed length control field 210428s9999 xx 000 0 und d
020 ## - INTERNATIONAL STANDARD BOOK NUMBER
International Standard Book Number 084932226X (hardcover) | 97808
082 ## - DEWEY DECIMAL CLASSIFICATION NUMBER
Classification number 660.03 C743 C
245 #0 - TITLE STATEMENT
Title Concise polymeric materials encyclopedia /
260 ## - PUBLICATION, DISTRIBUTION, ETC.
Name of publisher, distributor, etc. CRC Press,
Place of publication, distribution, etc. USA :
Date of publication, distribution, etc. 1999
300 ## - PHYSICAL DESCRIPTION
Extent 1706 p. ;29 cm.
942 ## - ADDED ENTRY ELEMENTS (KOHA)
Koha item type Book
Holdings
Withdrawn status Lost status Damaged status Not for loan Permanent Location Current Location Date acquired Total Checkouts Full call number Barcode Date last seen Price effective from Koha item type
        School of Chemical & Materials Engineering (SCME) School of Chemical & Materials Engineering (SCME)     660.03 C743 C SCME-208 04/28/2021 04/28/2021 Book
© 2023 Central Library, National University of Sciences and Technology. All Rights Reserved.